000 00285nam a2200121Ia 4500
008 231011s9999 xx 000 0 und d
041 _aeng
100 _aGita Piramal
245 _aBusiness Legends
250 _a1st
260 _bPenguin Books India Pvt Ltd -
_c1999
365 _b247
999 _c899499
_d899499